| 000 | 00698ntaaa2200193 4500 | ||
|---|---|---|---|
| 003 | 01 | ||
| 005 | 20251027203337.0 | ||
| 008 | 0714s1973 ag 01 | ||
| 040 |
_aAR-BaBN _bspa _cAR-BaBN _eaacr _dRIC |
||
| 100 |
_aMahler, Gustav _d1860-1911 _937284 |
||
| 245 |
_aSinfonía no. 1 en re mayor "El Titán" / _cGustav Mahler |
||
| 260 |
_aBuenos Aires : _bViscontea [distribuidor], _cc1979 |
||
| 300 |
_a1 disco son. (48 min., 55 seg.) ; _canalógico, 33 1/3 rpm, estereo ; 12 plg. |
||
| 490 |
_aLos grandes músicos ; _v48 |
||
| 500 | _aOrquesta Sinfónica de Utah, Maurice Abravanel, director | ||
| 500 | _aFabricado por: CBS. Registro original: Vanguard Records | ||
| 650 | _aMUSICA | ||
| 942 | _cBK | ||
| 999 |
_c28966 _d28966 |
||